Road Signs of Asia - Statistics

General Stats
  • This quiz has been taken 146 times
  • The average score is 11 of 16
Answer Stats
Picture Answer % Correct
China
97%
Thailand
88%
South Korea
86%
Israel
85%
Japan
85%
Taiwan
81%
Mongolia
75%
Vietnam
74%
Cambodia
72%
Indonesia
71%
Singapore
69%
China
68%
Kyrgyzstan
64%
Malaysia
61%
Japan
31%
South Korea
21%
No matching quizzes found
Score Distribution
Percent of People with Each Score
Percentile by Number Answered
Your Score History
You have not taken this quiz